100 Meters Commonwealth Games Medal Table - Statistics

General Stats
  • This quiz has been taken 29 times
  • The average score is 10 of 13
Answer Stats
G S B Total Answer % Correct
6 2 2 10 Jamaica
96%
1 1 2 4 Canada
91%
2 2 1 5 England
87%
0 2 1 3 Nigeria
87%
1 2 0 3 South Africa
87%
0 0 1 1 Ghana
83%
1 1 1 3 Scotland
83%
1 0 0 1 Saint Kitts And Nevis
74%
1 0 4 5 Trinidad And Tobago
74%
0 0 1 1 Barbados
70%
1 1 0 2 Kenya
70%
0 1 1 2 Namibia
61%
0 0 1 1 Sri Lanka
26%
No matching quizzes found
Score Distribution
Percent of People with Each Score
Percentile by Number Answered
Your Score History
You have not taken this quiz